000 00625nam a22001577a 4500
999 _c13915
_d13915
008 190509b ||||| |||| 00| 0 eng d
082 _22018
_aUT 1292
_bP71
100 _aPlanilla, Ashiela Louise S.
_938747
245 _aService quality and customer satisfaction in restaurant businesses in Digos City /
_cAshiela Louise S. Planilla, Jochyl U. Alejandro, and Lady Lee G. Liston.
260 _aDigos City:
_bUMDC,
_cApril 2018.
300 _a62 pages;
_c30 cm.
650 _aTourism Management
_xUndergraduate thesis.
_938748
700 _aAlejandro, Jochyl U.
_938749
700 _aListon, Lady Lee G.
_938750
942 _2ddc
_cUT